1981 NHL All-Stars - Statistics

General Stats
  • This quiz has been taken 3 times
  • The average score is 7 of 40
Answer Stats
Position/Conference Answer Team % Correct
Campbell Right Winger Mike Bossy New York Islanders
100%
Campbell Centre Wayne Gretzky Edmonton Oilers
100%
Campbell Centre Bob Bourne New York Islanders
50%
Wales Centre Bobby Smith Minnesota North Stars
50%
Wales Right Winger Dave Taylor Los Angeles Kings
50%
Wales Right Winger John Ogrodnick Detroit Red Wings
50%
Wales Centre Marcel Dionne Los Angeles Kings
50%
Campbell Goaltender Mike Liut St. Louis Blues
50%
Campbell Goaltender Pete Peeters Philadelphia Flyers
50%
Wales Centre Peter Stastny Quebec Nordiques
50%
Wales Defenceman Ray Bourque Boston Bruins
50%
Wales Defenceman Reed Larson Detroit Red Wings
50%
Campbell Defenceman Behn Wilson Philadelphia Flyers
0%
Campbell Centre Bernie Federko St. Louis Blues
0%
Campbell Left Winger Bill Barber Philadelphia Flyers
0%
Campbell Defenceman Bob Dailey Philadelphia Flyers
0%
Wales Left Winger Bob Gainey Montreal Canadiens
0%
Campbell Defenceman Bob Murray Chicago Black Hawks
0%
Wales Left Winger Charlie Simmer Los Angeles Kings
0%
Wales Right Winger Danny Gare Buffalo Sabres
0%
Campbell Defenceman Denis Potvin New York Islanders
0%
Wales Goaltender Don Beaupre Minnesota North Stars
0%
Campbell Right Winger Eddie Johnstone New York Rangers
0%
Campbell Centre Kent Nilsson Calgary Flames
0%
Campbell Defenceman Kevin McCarthy Vancouver Canucks
0%
Wales Goaltender Mario Lessard Los Angeles Kings
0%
Wales Defenceman Mark Howe Hartford Whalers
0%
Campbell Centre Mike Gartner Washington Capitals
0%
Wales Centre Mike Rogers Hartford Whalers
0%
Campbell Left Winger Morris Lukowich Winnipeg Jets
0%
Campbell Right Winger Paul Holmgren Philadelphia Flyers
0%
Wales Defenceman Randy Carlyle Pittsburgh Penguins
0%
Wales Right Winger Rick Kehoe Pittsburgh Penguins
0%
Wales Right Winger Rick Middleton Boston Bruins
0%
Wales Defenceman Robert Picard Toronto Maple Leafs
0%
Campbell Defenceman Rob Ramage Colorado Rockies
0%
Wales Defenceman Rod Langway Montreal Canadiens
0%
Wales Left Winger Steve Shutt Montreal Canadiens
0%
Campbell Left Winger Tiger Williams Vancouver Canucks
0%
Campbell Right Winger Wayne Babych St. Louis Blues
0%
No matching quizzes found
Score Distribution
Percent of People with Each Score
Percentile by Number Answered
Your Score History
You have not taken this quiz